Influencer Marketing für Unternehmen und Influencer

Saved in:
Bibliographic Details
Other Authors: Jahnke, Marlis
Format: Book
Language:German
Published: Wiesbaden Springer Gabler 2018
Subjects:
Tags: Add Tag
No Tags, Be the first to tag this record!

MARC

LEADER 00000nam a2200000 4500
001 0269555
005 20240221111337.5
020 |a 978-3-658-20853-0 
020 |a 978-3-658-20854-7 
041 0 |a ger 
044 |a DE 
245 1 0 |a Influencer Marketing  |b für Unternehmen und Influencer  |c Marlis Jahnke (Hrsg.) 
264 1 |a Wiesbaden  |b Springer Gabler  |c 2018 
300 |a 276 s. 
610 2 0 |a marketing 
610 2 0 |a influencer marketing 
610 2 0 |a stratégia marketingová 
610 2 0 |a médiá sociálne 
610 2 0 |a komunikácia 
610 2 0 |a legislatíva 
700 1 |a Jahnke, Marlis